[Event "Regionalliga SO 9900"]
[Site "Bayern"]
[Date "1999.??.??"]
[Round "3.8"]
[White "Holzner, Stefan"]
[Black "Forstmaier, Markus"]
[Result "1/2-1/2"]
[WhiteElo "1910"]
[BlackElo "1855"]
[PlyCount "54"]
[EventDate "1999.??.??"]
[EventType "team-tourn"]
[EventRounds "9"]
[EventCountry "GER"]
[SourceTitle "EXT 2020"]
[Source "ChessBase"]
[SourceDate "2019.10.17"]
[SourceVersion "1"]
[SourceVersionDate "2019.10.17"]
[SourceQuality "1"]
[WhiteTeam "Pang/Rosenheim II"]
[BlackTeam "Dorfen PSV"]
[WhiteTeamCountry "GER"]
[BlackTeamCountry "GER"]

1. e4 e5 2. Nf3 Nc6 3. Bb5 a6 4. Ba4 Nf6 5. 0-0 b5 6. Bb3 Bc5 7. d3 Bb7 8. Be3 d6 9. Qd2 Qd7 10. Bxc5 dxc5 11. Qg5 Qg4 12. Nc3 0-0 13. Qxg4 Nxg4 14. Nd5 Rac8 15. Ng5 Nf6 16. f4 Nxd5 17. Bxd5 exf4 18. Rxf4 Nd8 19. Bb3 h6 20. Nh3 Ne6 21. Rf5 c4 22. dxc4 Bxe4 23. Re5 bxc4 24. Bxc4 Bxc2 25. Rc1 Bg6 26. Bxe6 fxe6 27. Rxe6 Bd3 1/2-1/2

[Event "Regionalliga SO 9697"]
[Site "Bayern"]
[Date "1997.05.04"]
[Round "9"]
[White "Forstmaier, Markus"]
[Black "Schnabel, Hans"]
[Result "1/2-1/2"]
[WhiteElo "1925"]
[BlackElo "1935"]
[PlyCount "35"]
[EventDate "1996.10.13"]
[EventType "team-tourn"]
[EventRounds "9"]
[EventCountry "GER"]
[SourceTitle "EXT 1999"]
[Source "ChessBase"]
[SourceDate "1998.11.16"]
[SourceVersion "1"]
[SourceVersionDate "1998.11.16"]
[SourceQuality "1"]
[WhiteTeam "Dorfen PSV"]
[BlackTeam "Freising SK"]
[WhiteTeamCountry "GER"]
[BlackTeamCountry "GER"]

1. e4 e6 2. d4 d5 3. exd5 exd5 4. Bd3 Nf6 5. Bf4 Bd6 6. Ne2 Bg4 7. f3 Be6 8. 0-0 Nc6 9. c3 Ne7 10. Na3 c6 11. Nc2 Bf5 12. Ne3 Bxd3 13. Qxd3 0-0 14. Rfe1 Re8 15. Nf5 Nxf5 16. Qxf5 Qe7 17. Bxd6 Qxd6 18. Ng3 1/2-1/2

[Event "Regionalliga SO 9697"]
[Site "Bayern"]
[Date "1997.04.13"]
[Round "8"]
[White "Forstmaier, Markus"]
[Black "Hackbarth, Wolfgang"]
[Result "0-1"]
[WhiteElo "1925"]
[BlackElo "2185"]
[PlyCount "52"]
[EventDate "1996.10.13"]
[EventType "team-tourn"]
[EventRounds "9"]
[EventCountry "GER"]
[SourceTitle "EXT 1999"]
[Source "ChessBase"]
[SourceDate "1998.11.16"]
[SourceVersion "1"]
[SourceVersionDate "1998.11.16"]
[SourceQuality "1"]
[WhiteTeam "Dorfen PSV"]
[BlackTeam "Simbach"]
[WhiteTeamCountry "GER"]
[BlackTeamCountry "GER"]

1. e4 e5 2. Nf3 Nc6 3. Bc4 Nf6 4. Nc3 Nxe4 5. Nxe4 d5 6. Bd3 dxe4 7. Bxe4 Bd6 8. d3 f5 9. Bxc6+ bxc6 10. Bg5 Qd7 11. Be3 0-0 12. c3 Kh8 13. Qb3 f4 14. Bd2 Qg4 15. Rg1 Bf5 16. c4 Rab8 17. Qc2 e4 18. Nd4 exd3 19. Qd1 Rfe8+ 20. Kf1 Rxb2 21. f3 Qg6 22. Qc1 Rc2 23. Nxc2 dxc2 24. g4 fxg3 25. Rg2 gxh2 26. Kf2 Bc5+ 0-1

[Event "Regionalliga SO 9697"]
[Site "Bayern"]
[Date "1997.02.02"]
[Round "4"]
[White "Lipok, Erik"]
[Black "Forstmaier, Markus"]
[Result "1-0"]
[WhiteElo "2025"]
[BlackElo "1925"]
[PlyCount "49"]
[EventDate "1996.10.13"]
[EventType "team-tourn"]
[EventRounds "9"]
[EventCountry "GER"]
[SourceTitle "EXT 1999"]
[Source "ChessBase"]
[SourceDate "1998.11.16"]
[SourceVersion "1"]
[SourceVersionDate "1998.11.16"]
[SourceQuality "1"]
[WhiteTeam "Waldkirchen TSV"]
[BlackTeam "Dorfen PSV"]
[WhiteTeamCountry "GER"]
[BlackTeamCountry "GER"]

1. d4 d5 2. c4 e6 3. Nc3 Nf6 4. Bg5 Nbd7 5. e3 c6 6. Nf3 Qa5 7. Bxf6 Nxf6 8. Nd2 Bd6 9. c5 Bb8 10. f4 0-0 11. Bd3 Qd8 12. 0-0 e5 13. fxe5 Ng4 14. Qf3 Be6 15. h3 Nh6 16. Rf2 f6 17. Raf1 Rf7 18. Qh5 Qc7 19. Nf3 b6 20. Na4 b5 21. Nc3 a5 22. exf6 Qg3 23. Ne2 Qc7 24. Ne5 Ra7 25. fxg7 1-0

[Event "Regionalliga SO 9697"]
[Site "Bayern"]
[Date "1996.11.17"]
[Round "2"]
[White "Schlosser, Andree"]
[Black "Forstmaier, Markus"]
[Result "1-0"]
[WhiteElo "2085"]
[BlackElo "1925"]
[PlyCount "97"]
[EventDate "1996.10.13"]
[EventType "team-tourn"]
[EventRounds "9"]
[EventCountry "GER"]
[SourceTitle "EXT 1999"]
[Source "ChessBase"]
[SourceDate "1998.11.16"]
[SourceVersion "1"]
[SourceVersionDate "1998.11.16"]
[SourceQuality "1"]
[WhiteTeam "Fuerstenfeldbruck TuS"]
[BlackTeam "Dorfen PSV"]
[WhiteTeamCountry "GER"]
[BlackTeamCountry "GER"]

1. d4 d5 2. Bf4 Nf6 3. e3 Bf5 4. c4 e6 5. Qb3 b6 6. Nc3 c6 7. cxd5 exd5 8. Nf3 Bd6 9. Bg3 0-0 10. Nh4 Bg6 11. Nxg6 fxg6 12. Be2 Qe7 13. Bf3 Bxg3 14. hxg3 Na6 15. 0-0-0 Nc7 16. Rh2 Ne6 17. Rdh1 Ng5 18. Ne2 Nge4 19. Bxe4 Qxe4 20. f3 Qe7 21. g4 g5 22. Ng3 g6 23. e4 Rf7 24. e5 Nd7 25. Kb1 Nf8 26. Rc1 Rc8 27. Rhh1 Ne6 28. Ne2 Qd7 29. Rhd1 Qe8 30. Rc2 Rfc7 31. Rdc1 Kf7 32. g3 Kg8 33. f4 gxf4 34. gxf4 Qf7 35. Qf3 Ng7 36. Rf1 Rf8 37. Ng3 Ne6 38. Ne2 Ng7 39. Qg3 c5 40. f5 cxd4 41. Nxd4 Rxc2 42. Kxc2 Qc7+ 43. Kb1 Qc4 44. Qg1 Qd3+ 45. Ka1 Ne8 46. f6 Rf7 47. g5 Nc7 48. e6 Nxe6 49. Nxe6 1-0

[Event "Regionalliga SO 9596"]
[Site "Bayern"]
[Date "1996.05.19"]
[Round "9"]
[White "Haselbeck, Franz"]
[Black "Forstmaier, Markus"]
[Result "1-0"]
[WhiteElo "1835"]
[BlackElo "1840"]
[PlyCount "121"]
[EventDate "1995.10.15"]
[EventType "team-tourn"]
[EventRounds "9"]
[EventCountry "GER"]
[SourceTitle "EXT 1999"]
[Source "ChessBase"]
[SourceDate "1998.11.16"]
[SourceVersion "1"]
[SourceVersionDate "1998.11.16"]
[SourceQuality "1"]
[WhiteTeam "Deggendorf"]
[BlackTeam "Dorfen PSV"]
[WhiteTeamCountry "GER"]
[BlackTeamCountry "GER"]

1. Nf3 d5 2. g3 Nc6 3. Bg2 e5 4. d3 Nf6 5. 0-0 Bc5 6. Nfd2 Bg4 7. h3 Bh5 8. c3 0-0 9. b4 Bb6 10. b5 Ne7 11. a4 Qd7 12. Bb2 c6 13. c4 Qd6 14. Nb3 d4 15. Ba3 Qe6 16. a5 Bd8 17. Nc5 Qc8 18. a6 b6 19. Nb7 c5 20. Nxd8 Rxd8 21. Nd2 Rb8 22. Bc1 Bg6 23. Nf3 Qe6 24. Ng5 Qd7 25. Nf3 Qd6 26. Nh4 h6 27. f4 Rbc8 28. Nxg6 Nxg6 29. f5 Ne7 30. g4 Nh7 31. Qe1 f6 32. Qg3 Kf7 33. h4 Rh8 34. Bd2 Rcg8 35. Be4 Ke8 36. Rf2 Kd7 37. Raf1 Kc7 38. Qf3 Kd7 39. Qg2 Kc7 40. Qf3 Kd7 41. Qg3 Kc7 42. Bg2 Kd7 43. Qf3 Qc7 44. Bh3 Qd6 45. Rg2 Qb8 46. Rff2 Qa8 47. Qg3 Ke8 48. Rh2 Kf7 49. Bg2 Qd8 50. Bb7 Qd6 51. Qf3 Qd8 52. Rhg2 Qd6 53. g5 hxg5 54. hxg5 Nxg5 55. Bxg5 fxg5 56. Rxg5 Rh7 57. Rg6 Qc7 58. Bd5+ Nxd5 59. Qxd5+ Kf8 60. f6 gxf6 61. Qxg8+ 1-0